[Event "Druga liga Srbije grupa Vojvodina 2015"]
[Site "Stari Banovci"]
[Date "2015.11.11"]
[Round "2.1"]
[White "Kazakov, Mikhail"]
[Black "Milanovic, Stanko"]
[Result "1-0"]
[WhiteElo "2488"]
[BlackElo "2178"]
[PlyCount "99"]
[EventDate "2015.11.10"]

1. d4 Nf6 2. c4 c5 3. d5 b5 4. Nd2 Qa5 5. Qc2 e6 6. e4 exd5 7. cxd5 Bd6 8. b4
Qc7 9. Bxb5 O-O 10. Ngf3 Na6 11. O-O Rb8 12. Bxa6 Bxa6 13. Re1 cxb4 14. Qxc7
Bxc7 15. Bb2 Bb6 16. Bd4 Bxd4 17. Nxd4 g6 18. a3 bxa3 19. Rxa3 Rb6 20. Rea1 Bb7
21. Rxa7 Rc8 22. f3 Rc3 23. R7a3 Rxa3 24. Rxa3 Rb4 25. N4b3 d6 26. Na5 Ba6 27.
Nc6 Rb6 28. Kf2 Nd7 29. Rb3 Kg7 30. Ke3 f5 31. Rxb6 Nxb6 32. Kd4 Kf6 33. f4
fxe4 34. Nxe4+ Kf5 35. Nxd6+ Kxf4 36. Ne5 Kg5 37. g3 Kf6 38. Ne4+ Kf5 39. Nd6+
Kf6 40. h4 Be2 41. g4 Nxd5 42. Kxd5 h6 43. Ne4+ Kg7 44. Ke6 Bd1 45. Ke7 Bc2 46.
Nc5 Bd1 47. Ne6+ Kh7 48. Kf7 Bb3 49. Kf6 g5 50. h5 1-0

[Event "Druga liga Srbije grupa Vojvodina 2015"]
[Site "Stari Banovci"]
[Date "2015.11.11"]
[Round "2.1"]
[White "Vasic, Lazar"]
[Black "Ratkovic, Miloje"]
[Result "0-1"]
[WhiteElo "2059"]
[BlackElo "2388"]
[PlyCount "142"]
[EventDate "2015.11.10"]

1. e4 c6 2. d4 d5 3. e5 Bf5 4. Ne2 e6 5. Ng3 Bg6 6. h4 h5 7. Be2 Be7 8. Bxh5
Bxh5 9. Nxh5 g6 10. Nf4 Rxh4 11. Rxh4 Bxh4 12. Qf3 Na6 13. Nd3 Bg5 14. Bf4 Bxf4
15. Qxf4 Ne7 16. g4 Kd7 17. Nd2 Qh8 18. O-O-O b6 19. Nf3 Nc7 20. Qf6 Qh6+ 21.
Kb1 Rf8 22. Nf4 Ne8 23. Qg5 Qh8 24. Re1 Nc7 25. Qf6 Ke8 26. b3 Qh6 27. Qg5 Qxg5
28. Nxg5 Rh8 29. Nf3 c5 30. Kb2 Nc6 31. c3 cxd4 32. cxd4 Kd7 33. Rg1 Nb5 34.
Rd1 a5 35. a3 Nc7 36. Rg1 a4 37. b4 Nb5 38. Rd1 Ke7 39. Ne2 Rh3 40. Ng3 f6 41.
exf6+ Kxf6 42. Rd3 Rh8 43. Kc2 Ke7 44. Kd2 Nd6 45. Rc3 Nc4+ 46. Ke2 Kd6 47. Kd3
Rf8 48. Ke2 Rf4 49. b5 Nxd4+ 50. Nxd4 Rxd4 51. f3 Rd2+ 52. Ke1 Ra2 53. Ne2 Ra1+
54. Kf2 e5 55. f4 exf4 56. Nxf4 Rxa3 57. Rc2 g5 58. Ne2 Rd3 59. Nc1 Rd4 60. Kf3
Ne5+ 61. Ke3 Re4+ 62. Kd2 Rxg4 63. Rc8 Rb4 64. Rd8+ Kc5 65. Re8 Nc4+ 66. Kc3
d4+ 67. Kd3 Kxb5 68. Rg8 Ne5+ 69. Ke4 Nd7 70. Rxg5+ Nc5+ 71. Kd5 d3 0-1

[Event "Druga liga Srbije grupa Vojvodina 2015"]
[Site "Stari Banovci"]
[Date "2015.11.11"]
[Round "2.1"]
[White "Leskur, Dejan"]
[Black "Mik, Aurel"]
[Result "1-0"]
[WhiteElo "2376"]
[BlackElo "2062"]
[PlyCount "93"]
[EventDate "2015.11.10"]

1. e4 e5 2. Nf3 Nf6 3. Nc3 Nc6 4. Bb5 d6 5. d4 exd4 6. Nxd4 Bd7 7. Bxc6 bxc6 8.
O-O Be7 9. Bf4 O-O 10. h3 c5 11. Nf3 Bc6 12. Re1 Rb8 13. e5 Ne8 14. b3 Qc8 15.
Nd5 Bxd5 16. Qxd5 Qf5 17. Qe4 Qxe4 18. Rxe4 d5 19. Re2 f6 20. Rd1 Rd8 21. exf6
Bxf6 22. Ng5 Bxg5 23. Bxg5 Nf6 24. Re7 Rf7 25. Bxf6 gxf6 26. Re6 Rd6 27. Rxd6
cxd6 28. Rxd5 Rd7 29. f4 Kf7 30. Kf2 Ke6 31. c4 a5 32. Ke3 a4 33. Kd3 axb3 34.
axb3 Ra7 35. g4 Rb7 36. Kc3 Re7 37. Rh5 Kd7 38. Kd3 Kc6 39. Rf5 Rb7 40. Kc2 Re7
41. Rxf6 h5 42. Rh6 hxg4 43. hxg4 Re2+ 44. Kd3 Rg2 45. g5 Rg3+ 46. Ke4 Rxb3 47.
g6 1-0

[Event "Druga liga Srbije grupa Vojvodina 2015"]
[Site "Stari Banovci"]
[Date "2015.11.11"]
[Round "2.1"]
[White "Zegarac, Vuk"]
[Black "Popov, Sinisa S"]
[Result "1/2-1/2"]
[WhiteElo "2143"]
[BlackElo "2443"]
[PlyCount "57"]
[EventDate "2015.11.10"]

1. d4 Nf6 2. Nc3 e6 3. e4 d5 4. Bg5 Be7 5. exd5 exd5 6. Bd3 Bg4 7. Nge2 c6 8.
O-O Nbd7 9. Re1 O-O 10. f3 Bh5 11. Ng3 Bg6 12. Nf5 Bxf5 13. Bxf5 Re8 14. Qd2
Qc7 15. g3 Bf8 16. Kg2 g6 17. Bxd7 Nxd7 18. Ne2 Bg7 19. c3 Qb6 20. h4 Nf8 21.
h5 Ne6 22. Be3 Re7 23. hxg6 hxg6 24. Nf4 Nxf4+ 25. Bxf4 Rae8 26. Rxe7 Rxe7 27.
Kf2 c5 28. dxc5 Qxc5+ 29. Be3 1/2-1/2

[Event "Druga liga Srbije grupa Vojvodina 2015"]
[Site "Stari Banovci"]
[Date "2015.11.11"]
[Round "2.1"]
[White "Trivunovic, Zdravko"]
[Black "Adamov, Ivan"]
[Result "0-1"]
[WhiteElo "2099"]
[BlackElo "2051"]
[PlyCount "72"]
[EventDate "2015.11.10"]

1. e4 c5 2. Nf3 d6 3. d4 cxd4 4. Nxd4 Nf6 5. f3 a6 6. Nc3 e6 7. Be3 b5 8. Qd2
Bb7 9. O-O-O Nbd7 10. g4 h6 11. Bd3 b4 12. Nce2 d5 13. g5 hxg5 14. Bxg5 Be7 15.
Bxf6 Nxf6 16. e5 Nh5 17. Kb1 Qb6 18. f4 Bc5 19. f5 O-O-O 20. c3 Kb8 21. Ka1
exf5 22. Bxf5 Rde8 23. e6 fxe6 24. Bg6 Re7 25. Bxh5 Rxh5 26. Nf4 Rh6 27. Rhe1
g5 28. Nd3 bxc3 29. Qxg5 cxb2+ 30. Nxb2 Rxh2 31. Nb3 Bd6 32. Rf1 Re8 33. Qg6
Rc8 34. Na4 Be5+ 35. Kb1 Qb4 36. Rd4 Qa3 0-1

[Event "Druga liga Srbije grupa Vojvodina 2015"]
[Site "Stari Banovci"]
[Date "2015.11.11"]
[Round "2.2"]
[White "Pezelj, Novak"]
[Black "Mladenovic, Dusan"]
[Result "1-0"]
[WhiteElo "2420"]
[BlackElo "2104"]
[PlyCount "119"]
[EventDate "2015.11.10"]

1. e4 e6 2. d4 d5 3. Nc3 Nf6 4. Bg5 dxe4 5. Nxe4 Be7 6. Nxf6+ Bxf6 7. Bxf6 Qxf6
8. c3 O-O 9. Bd3 Nd7 10. Qf3 Qxf3 11. Nxf3 b6 12. Be4 Rb8 13. O-O-O c5 14. Bc6
cxd4 15. Rxd4 Nf6 16. Rhd1 Bb7 17. Ne5 g6 18. a4 Kg7 19. b4 Bxc6 20. Nxc6 Rbc8
21. b5 Rc7 22. Kb2 Rfc8 23. c4 Rxc6 24. bxc6 Rxc6 25. Kb3 e5 26. Rd6 Rc7 27. f3
h5 28. h4 e4 29. Kb4 Rc5 30. fxe4 Nxe4 31. R6d5 a5+ 32. Kb3 Rc6 33. Rd8 f5 34.
R1d5 Kf6 35. Rb8 Ke6 36. Rg8 Kf6 37. Rgd8 Ke6 38. Re8+ Kf6 39. Rh8 Ke6 40. Rh6
Kf6 41. Rh8 Ke6 42. Rh6 Kf6 43. Rh7 Ke6 44. Rg7 Kf6 45. Ra7 Ke6 46. Ra6 Nd6 47.
Rdxa5 Nxc4 48. Rb5 Kd6 49. Kb4 Kc7 50. Ra7+ Kb8 51. Rg7 Ne3 52. Re5 Nc2+ 53.
Kb3 Nd4+ 54. Ka3 Rc3+ 55. Kb2 Rc2+ 56. Kb1 Rc7 57. Re8+ Rc8 58. Rxc8+ Kxc8 59.
Rxg6 Kc7 60. Rg5 1-0

[Event "Druga liga Srbije grupa Vojvodina 2015"]
[Site "Stari Banovci"]
[Date "2015.11.11"]
[Round "2.2"]
[White "Jesenski, Tibor"]
[Black "Parezanin, Darko"]
[Result "0-1"]
[WhiteElo "2341"]
[BlackElo "2290"]
[PlyCount "82"]
[EventDate "2015.11.10"]

1. d4 d6 2. g3 f5 3. Nf3 Nf6 4. Bg2 g6 5. c4 Bg7 6. O-O O-O 7. Nc3 Qe8 8. Nd5
Nxd5 9. cxd5 c6 10. Qb3 Kh8 11. Ng5 Na6 12. dxc6 bxc6 13. Ne6 Bxe6 14. Qxe6 Nc7
15. Qc4 d5 16. Qa4 Nb5 17. Be3 e6 18. Rac1 Rc8 19. Rc2 g5 20. f4 gxf4 21. Rxf4
Bh6 22. Qb4 a5 23. Qxa5 Ra8 24. Qb6 Rc8 25. Qc5 Qd7 26. Rf3 Bg7 27. Bf2 Nd6 28.
Ra3 Rf7 29. Ra6 Nc4 30. Qb4 f4 31. gxf4 Rxf4 32. e3 Rxf2 33. Rxf2 Nxe3 34. Qa4
Nf5 35. Rf4 Qd6 36. Ra8 Rg8 37. Rxg8+ Kxg8 38. Qa8+ Kf7 39. Qb7+ Kg8 40. Rg4 h5
41. Rg5 Qf4 0-1

[Event "Druga liga Srbije grupa Vojvodina 2015"]
[Site "Stari Banovci"]
[Date "2015.11.11"]
[Round "2.2"]
[White "Desnica, Vladan"]
[Black "Farkas, Tibor"]
[Result "1/2-1/2"]
[WhiteElo "2269"]
[BlackElo "2254"]
[PlyCount "42"]
[EventDate "2015.11.10"]

1. d4 Nf6 2. c4 g6 3. Nc3 d5 4. Bg5 Ne4 5. h4 Nxc3 6. bxc3 dxc4 7. e4 Bg7 8.
Bxc4 h6 9. Qf3 O-O 10. Be3 c5 11. Ne2 Nc6 12. Rc1 Na5 13. Bd3 e5 14. h5 g5 15.
d5 b6 16. Ng3 Nb7 17. Ba6 Nd6 18. Bxc8 Qxc8 19. Qe2 Qd7 20. c4 Rae8 21. Qc2 Bf6
1/2-1/2

[Event "Druga liga Srbije grupa Vojvodina 2015"]
[Site "Stari Banovci"]
[Date "2015.11.11"]
[Round "2.2"]
[White "Arbutina, Sinisa"]
[Black "Banovic, Ivan"]
[Result "1/2-1/2"]
[WhiteElo "2304"]
[BlackElo "2185"]
[PlyCount "61"]
[EventDate "2015.11.10"]

1. d4 Nf6 2. c4 c5 3. d5 e6 4. Nc3 exd5 5. cxd5 d6 6. e4 g6 7. Nf3 Bg4 8. Bb5+
Nbd7 9. h3 Bxf3 10. Qxf3 a6 11. Be2 Bg7 12. Bf4 Qe7 13. O-O O-O 14. a4 Rfe8 15.
Rfe1 Nh5 16. Bh2 Be5 17. g3 Ng7 18. Bd3 Bd4 19. Kg2 Ne5 20. Qe2 Nxd3 21. Qxd3
Qd7 22. g4 f5 23. f3 fxg4 24. fxg4 Be5 25. Rf1 Qe7 26. Rf2 Rf8 27. Raf1 Rxf2+
28. Rxf2 Rf8 29. Rxf8+ Kxf8 30. Qf3+ Kg8 31. Bxe5 1/2-1/2

[Event "Druga liga Srbije grupa Vojvodina 2015"]
[Site "Stari Banovci"]
[Date "2015.11.11"]
[Round "2.2"]
[White "Remecki, Sinisa"]
[Black "Vidic, Stevan"]
[Result "1/2-1/2"]
[WhiteElo "2206"]
[BlackElo "2287"]
[PlyCount "56"]
[EventDate "2015.11.10"]

1. b3 d5 2. Bb2 e6 3. e3 Nf6 4. Nf3 Be7 5. d4 O-O 6. Bd3 b6 7. Qe2 Bb7 8. Nbd2
Ne4 9. O-O Nd7 10. c4 Ndf6 11. Ne5 Nxd2 12. Qxd2 dxc4 13. Bxc4 Bd6 14. Qe2 Qe7
15. Rac1 Rac8 16. Ba6 Bxa6 17. Qxa6 Bxe5 18. dxe5 Nd5 19. Ba3 c5 20. b4 b5 21.
Rxc5 Rxc5 22. bxc5 b4 23. e4 Qxc5 24. exd5 bxa3 25. dxe6 Qxe5 26. exf7+ Rxf7
27. Qxa3 Qd4 28. Qb3 g6 1/2-1/2

[Event "Druga liga Srbije grupa Vojvodina 2015"]
[Site "Stari Banovci"]
[Date "2015.11.11"]
[Round "2.3"]
[White "Indjic, Dusan"]
[Black "Ivic, Velimir"]
[Result "1/2-1/2"]
[WhiteElo "2281"]
[BlackElo "2268"]
[PlyCount "128"]
[EventDate "2015.11.10"]

1. d4 Nf6 2. Nf3 g6 3. c4 Bg7 4. Nc3 O-O 5. e4 d6 6. Be2 e5 7. Be3 exd4 8. Nxd4
Re8 9. f3 c6 10. Bf2 d5 11. exd5 cxd5 12. O-O Nc6 13. c5 Bf8 14. Kh1 Bd7 15.
Ncb5 b6 16. Nxc6 Bxc6 17. Nd4 bxc5 18. Nxc6 Qb6 19. a4 a6 20. Nd4 cxd4 21. Bxd4
Bc5 22. a5 Qd6 23. Rf2 Rab8 24. Bf1 Bxd4 25. Qxd4 Rb4 26. Qa7 Rh4 27. h3 Re6
28. Re2 Rxe2 29. Bxe2 Qe5 30. Bxa6 Qxb2 31. Qg1 Nh5 32. Qe1 Rb4 33. Bd3 Nf4 34.
Bf1 Rb8 35. a6 Qd4 36. Rd1 Qb6 37. Qe5 Ne6 38. Bd3 Qc7 39. Qxd5 Rd8 40. Qb7
Qxb7 41. axb7 Nc5 42. Rb1 Nxb7 43. Bxg6 hxg6 44. Rxb7 Kg7 45. Kh2 Rd2 46. h4
Ra2 47. Kh3 Ra3 48. Kg4 Ra2 49. g3 Ra3 50. f4 Rc3 51. f5 gxf5+ 52. Kf4 Kg6 53.
Rb6+ f6 54. h5+ Kxh5 55. Rxf6 Rc1 56. Rxf5+ Kg6 57. Kg4 Rc4+ 58. Rf4 Rxf4+ 59.
Kxf4 Kf6 60. g4 Kg6 61. g5 Kg7 62. Kf5 Kf7 63. g6+ Kg7 64. Kg5 Kg8 1/2-1/2

[Event "Druga liga Srbije grupa Vojvodina 2015"]
[Site "Stari Banovci"]
[Date "2015.11.11"]
[Round "2.3"]
[White "Stanojevic, Branko"]
[Black "Sekulic, Dusan"]
[Result "1-0"]
[WhiteElo "2229"]
[BlackElo "2259"]
[PlyCount "105"]
[EventDate "2015.11.10"]

1. d4 Nf6 2. c4 c5 3. Nf3 cxd4 4. Nxd4 e5 5. Nb5 d5 6. cxd5 Bc5 7. N5c3 O-O 8.
e3 Re8 9. a3 a6 10. b4 Ba7 11. Be2 e4 12. Nd2 Bf5 13. Nf1 Bg6 14. Ng3 Nbd7 15.
O-O Rc8 16. Bb2 Ne5 17. Qb3 h5 18. Rfd1 Nd3 19. d6 Nxb2 20. Qxb2 Re5 21. Rd2 h4
22. Nf1 Qd7 23. Rad1 Qe6 24. Na4 b5 25. d7 Rd8 26. Rd6 Qe7 27. Rxa6 Bb8 28. Nc5
Bh5 29. Ra8 Bxe2 30. Qxe2 Rg5 31. Nb7 Rxd7 32. Rxb8+ Kh7 33. Nc5 Ra7 34. Qxb5
Rxa3 35. Rb7 Qe5 36. Qe2 Nd5 37. Rd4 f5 38. Qb2 Ra8 39. Qb3 Nf6 40. Qe6 Ng4 41.
Qxe5 Nxe5 42. Rd1 Ra2 43. Ne6 Rg6 44. Nf8+ Kh6 45. Nxg6 Kxg6 46. h3 Nd3 47.
Rxd3 exd3 48. Rd7 Rb2 49. Rxd3 Kf6 50. Rd4 g5 51. g3 hxg3 52. Nxg3 Ke6 53. Rc4
1-0

[Event "Druga liga Srbije grupa Vojvodina 2015"]
[Site "Stari Banovci"]
[Date "2015.11.11"]
[Round "2.3"]
[White "Mastrapovic, Vladimir"]
[Black "Kovacevic, Dragan"]
[Result "1-0"]
[WhiteElo "2288"]
[BlackElo "2265"]
[PlyCount "89"]
[EventDate "2015.11.10"]

1. e4 g6 2. d4 Bg7 3. g3 d6 4. Bg2 Nd7 5. Ne2 c6 6. O-O Ngf6 7. a4 a5 8. c4 O-O
9. b3 Ne8 10. Ra2 Nc7 11. Bg5 Na6 12. Nec3 Re8 13. Rd2 Qc7 14. Be3 Nb4 15. f4
b6 16. Qf3 e6 17. Na3 Rb8 18. g4 f5 19. gxf5 gxf5 20. e5 Nf8 21. Ncb5 cxb5 22.
Nxb5 Qe7 23. Nxd6 Rd8 24. Nxc8 Rdxc8 25. Qf2 Nd7 26. Kh1 Kh8 27. Bf3 Bh6 28.
Rg1 Rg8 29. Rgd1 Nf8 30. d5 exd5 31. cxd5 Ng6 32. d6 Qe6 33. d7 Rbd8 34. Bxb6
Bxf4 35. Rd6 Qe7 36. Bxa5 Nxe5 37. Bxb4 Nxf3 38. R6d4 Qg5 39. Qxf3 Be5 40. Bc3
Rg7 41. R4d2 Qf6 42. Bxe5 Qxe5 43. Re2 Qf6 44. Re8+ Rg8 45. Rxg8+ 1-0

[Event "Druga liga Srbije grupa Vojvodina 2015"]
[Site "Stari Banovci"]
[Date "2015.11.11"]
[Round "2.3"]
[White "Kovacevic, Djordje"]
[Black "Vujasinovic, Mihajlo"]
[Result "1-0"]
[WhiteElo "2089"]
[BlackElo "2155"]
[PlyCount "109"]
[EventDate "2015.11.10"]

1. d4 d5 2. Bf4 Nf6 3. e3 e6 4. Bd3 b6 5. Nf3 Bb7 6. Nbd2 Nbd7 7. Qe2 Be7 8.
Ne5 Nxe5 9. Bxe5 O-O 10. Bxf6 Bxf6 11. h4 e5 12. dxe5 Bxe5 13. Bxh7+ Kxh7 14.
Qh5+ Kg8 15. Qxe5 Re8 16. Qg3 d4 17. O-O-O Qd5 18. Nb3 Qxg2 19. Qxg2 Bxg2 20.
Rhg1 Bf3 21. Rxd4 c5 22. Rf4 Be4 23. Rfg4 Kh8 24. Nd2 Bg6 25. Rg5 Rg8 26. Nc4
Raf8 27. Ne5 Bh7 28. h5 g6 29. hxg6 fxg6 30. f4 Rf6 31. Rd1 Rg7 32. Rd8+ Rg8
33. Rxg8+ Kxg8 34. Kd2 Rd6+ 35. Ke2 Kf8 36. e4 Ke8 37. c3 a6 38. Nc4 Rf6 39.
Ke3 b5 40. e5 Rf8 41. Nd6+ Ke7 42. Ne4 c4 43. Nf6 Rf7 44. Ke4 Rg7 45. Nxh7 Rxh7
46. Rxg6 Rh2 47. Rxa6 Rxb2 48. Ra7+ Ke8 49. Rb7 Rc2 50. Rxb5 Rxc3 51. Rc5 Rc1
52. Kd5 c3 53. Ke6 Kd8 54. f5 c2 55. f6 1-0

[Event "Druga liga Srbije grupa Vojvodina 2015"]
[Site "Stari Banovci"]
[Date "2015.11.11"]
[Round "2.3"]
[White "Jovanovic, Miroslav T"]
[Black "Skoko, Milan"]
[Result "0-1"]
[WhiteElo "1938"]
[BlackElo "2169"]
[PlyCount "124"]
[EventDate "2015.11.10"]

1. e4 c5 2. a3 e5 3. Bc4 Nf6 4. Nc3 Be7 5. d3 d6 6. f4 exf4 7. Bxf4 Nc6 8. Nf3
O-O 9. O-O Be6 10. Nd5 Bxd5 11. exd5 Na5 12. Ba2 b5 13. b4 Nb7 14. c4 a5 15.
cxb5 Qb6 16. bxa5 Rxa5 17. Bc4 Rfa8 18. Bc1 Nd7 19. Ng5 Rf8 20. Qh5 Bxg5 21.
Qxg5 Ne5 22. Bb2 Qd8 23. Qg3 f6 24. Rf4 Ra8 25. h4 Qe8 26. Raf1 Qg6 27. Qh3
Rae8 28. h5 Qh6 29. Bc1 g5 30. Rf5 Qg7 31. Bb2 h6 32. Qg3 Kh7 33. Ba2 Qe7 34.
Bb1 Kg7 35. Kh1 Qf7 36. Bxe5 Rxe5 37. Rxe5 Qxh5+ 38. Kg1 fxe5 39. Re1 Qf7 40.
Ba2 Qf4 41. Qe3 Ra8 42. Qh3 g4 43. Qh4 Rf8 44. Bb1 h5 45. d4 cxd4 46. Kh1 g3
47. Qxf4 Rxf4 48. Kg1 Rf2 49. a4 Rb2 50. Rc1 Kf6 51. Be4 Nc5 52. Rf1+ Ke7 53.
Bg6 e4 54. Re1 e3 55. Bxh5 Nxa4 56. Be2 Nc3 57. Bd3 Nxb5 58. Ra1 Nc3 59. Ra7+
Kd8 60. Rg7 e2 61. Rg8+ Ke7 62. Rg7+ Kf8 0-1

[Event "Druga liga Srbije grupa Vojvodina 2015"]
[Site "Stari Banovci"]
[Date "2015.11.11"]
[Round "2.4"]
[White "Almasi, Istvan"]
[Black "Petakov, Uros"]
[Result "0-1"]
[WhiteElo "2433"]
[BlackElo "2335"]
[PlyCount "110"]
[EventDate "2015.11.10"]

1. e4 g6 2. d4 c6 3. Nc3 Bg7 4. Bc4 d6 5. Qf3 e6 6. Nge2 Ne7 7. h4 h6 8. Bf4 b5
9. Bb3 a5 10. a3 Ba6 11. Qg3 Nc8 12. Be3 b4 13. axb4 axb4 14. Nb1 d5 15. h5 Nd6
16. Nd2 g5 17. Bf4 Bf8 18. Be5 f6 19. Bxf6 Qxf6 20. e5 Qf5 21. exd6 Kd7 22. Nf3
Bxd6 23. Ne5+ Kc7 24. Qe3 Bxe5 25. dxe5 Nd7 26. Nd4 Qxe5 27. Qxe5+ Nxe5 28. f4
gxf4 29. Nxe6+ Kd6 30. Nxf4 Rhf8 31. g3 Nf3+ 32. Kf2 Nd2 33. Rhe1 Ne4+ 34. Kg2
Rf5 35. c4 Nc5 36. Bc2 Rg5 37. cxd5 cxd5 38. Rad1 Rf8 39. Kh2 Bc8 40. Be4 Bg4
41. Rxd5+ Rxd5 42. Bxd5 Rxf4 43. gxf4 Kxd5 44. Kg3 Be6 45. Kf3 Nd3 46. Rd1 Kd4
47. Rd2 Bf5 48. Re2 b3 49. Kg3 Nxb2 50. Re5 Bd3 51. Re8 Nc4 52. Rd8+ Ke3 53.
Re8+ Be4 54. Rb8 b2 55. Rb3+ Kd4 0-1

[Event "Druga liga Srbije grupa Vojvodina 2015"]
[Site "Stari Banovci"]
[Date "2015.11.11"]
[Round "2.4"]
[White "Kokeza, Mirko"]
[Black "Tancik, Kristijan"]
[Result "1/2-1/2"]
[WhiteElo "2253"]
[BlackElo "2272"]
[PlyCount "71"]
[EventDate "2015.11.10"]

1. d4 Nf6 2. c4 g6 3. Nc3 d5 4. Nf3 Bg7 5. cxd5 Nxd5 6. Bg5 Nxc3 7. bxc3 c5 8.
Rc1 Qa5 9. Qd2 Bf5 10. e3 Nd7 11. Be2 Nf6 12. O-O Ne4 13. Qb2 Nxg5 14. Nxg5 O-O
15. Bc4 h6 16. Nxf7 Rxf7 17. Qxb7 Raf8 18. Qxe7 Bd3 19. Bxf7+ Rxf7 20. Qe8+ Rf8
21. Qe6+ Kh7 22. Rfd1 c4 23. f3 Rb8 24. Qd6 Rb2 25. a3 Qg5 26. Qg3 Qxe3+ 27.
Kh1 Rb3 28. h4 h5 29. Re1 Qd2 30. Kh2 Rxc3 31. Re7 Rxc1 32. Rxg7+ Kxg7 33. Qe5+
Kf7 34. Qd5+ Ke7 35. Qe5+ Kf7 36. Qd5+ 1/2-1/2

[Event "Druga liga Srbije grupa Vojvodina 2015"]
[Site "Stari Banovci"]
[Date "2015.11.11"]
[Round "2.4"]
[White "Bulajic, Ratko"]
[Black "Majstorovic, Stanko"]
[Result "1-0"]
[WhiteElo "2325"]
[BlackElo "2218"]
[PlyCount "97"]
[EventDate "2015.11.10"]

1. d4 Nf6 2. c4 e6 3. Nf3 Bb4+ 4. Bd2 Bxd2+ 5. Nbxd2 d5 6. Qc2 O-O 7. e3 Nbd7
8. cxd5 exd5 9. Bd3 Re8 10. O-O c6 11. b4 a6 12. a4 h6 13. b5 Nb8 14. Ne5 Qd6
15. bxc6 Nxc6 16. Nxc6 Qxc6 17. Qxc6 bxc6 18. Rfc1 Re6 19. Nb3 g6 20. Na5 Bd7
21. Rab1 c5 22. dxc5 Bxa4 23. c6 Bb5 24. Bxb5 axb5 25. Nb3 Ne8 26. Nd4 Nc7 27.
Nxe6 fxe6 28. e4 Kf7 29. Ra1 Rc8 30. e5 Ke7 31. Ra7 Kd8 32. Rca1 Rb8 33. Rb7
Kc8 34. Raa7 Rxb7 35. Rxb7 d4 36. Kf1 g5 37. h3 h5 38. g3 g4 39. hxg4 hxg4 40.
Ke1 Nd5 41. Rxb5 Ne7 42. Rc5 Kc7 43. Kd2 Nxc6 44. Kd3 Kb6 45. Rxc6+ Kxc6 46.
Kxd4 Kb5 47. Ke4 Kc5 48. f4 Kc6 49. f5 1-0

[Event "Druga liga Srbije grupa Vojvodina 2015"]
[Site "Stari Banovci"]
[Date "2015.11.11"]
[Round "2.4"]
[White "Tomic, Vjekoslav"]
[Black "Dekic, Josip"]
[Result "1/2-1/2"]
[WhiteElo "2232"]
[BlackElo "2270"]
[PlyCount "87"]
[EventDate "2015.11.10"]

1. e4 c5 2. Nf3 Nc6 3. g3 g6 4. Bg2 Bg7 5. O-O d6 6. c3 e5 7. Re1 Nge7 8. Na3
O-O 9. Nc2 h6 10. d4 exd4 11. cxd4 Bg4 12. Be3 d5 13. exd5 Nxd5 14. dxc5 Bxb2
15. Bxh6 Nc3 16. Qxd8 Rfxd8 17. h3 Bxa1 18. Rxa1 Be6 19. a3 Rd7 20. Nb4 Ne2+
21. Kh2 Ned4 22. Nxd4 Nxd4 23. c6 bxc6 24. Nxc6 Rc8 25. Nxd4 Rxd4 26. a4 Bb3
27. Be3 Rxa4 28. Rxa4 Bxa4 29. Bxa7 Bc6 30. Bxc6 Rxc6 31. h4 Rc4 32. Be3 Kg7
33. Kg2 Kf6 34. Kf3 Kf5 35. Bb6 f6 36. Ba7 g5 37. hxg5 fxg5 38. Bb6 Rc3+ 39.
Kg2 Ke4 40. Ba7 g4 41. Bb6 Rc2 42. Ba7 Kd3 43. Bb6 Ke2 44. Ba7 1/2-1/2

[Event "Druga liga Srbije grupa Vojvodina 2015"]
[Site "Stari Banovci"]
[Date "2015.11.11"]
[Round "2.4"]
[White "Tokovic, Svetozar"]
[Black "Curakovic, Dragan"]
[Result "1-0"]
[WhiteElo "2254"]
[BlackElo "2113"]
[PlyCount "65"]
[EventDate "2015.11.10"]

1. Nf3 c5 2. e4 d6 3. d4 cxd4 4. Nxd4 a6 5. Nc3 Nf6 6. h3 e5 7. Nde2 Be7 8. g4
Be6 9. Bg2 Nc6 10. O-O b5 11. Nd5 Bxd5 12. exd5 Na5 13. b3 Rc8 14. Bd2 Qc7 15.
a4 Nb7 16. axb5 axb5 17. Ra7 O-O 18. Ng3 Ra8 19. Qa1 Qb8 20. Rxa8 Qxa8 21. Nf5
Qd8 22. Qa6 Qd7 23. Qc6 Re8 24. g5 Nd8 25. Nxe7+ Rxe7 26. gxf6 Nxc6 27. dxc6
Qc7 28. fxe7 Qxe7 29. Ra1 h6 30. Be3 Kh7 31. Ra7 Qe6 32. c7 Qd7 33. Bb7 1-0

[Event "Druga liga Srbije grupa Vojvodina 2015"]
[Site "Stari Banovci"]
[Date "2015.11.11"]
[Round "2.4"]
[White "Mehandzic, Georgije"]
[Black "Strangar, Zlatko"]
[Result "1-0"]
[WhiteElo "2100"]
[BlackElo "2246"]
[PlyCount "67"]
[EventDate "2015.11.10"]

1. Nf3 Nf6 2. g3 g6 3. Bg2 Bg7 4. d3 O-O 5. e4 c5 6. c3 Nc6 7. O-O e5 8. Be3 d6
9. h3 Qb6 10. b4 Rd8 11. Nbd2 Qa6 12. Qb1 cxb4 13. cxb4 Qb5 14. a3 d5 15. Rc1
Nd4 16. Nxd4 exd4 17. Bxd4 dxe4 18. Qb2 Qxd3 19. Bxf6 Bxf6 20. Qxf6 Qxd2 21.
Bxe4 Bxh3 22. Bxb7 Rab8 23. Rc7 Rd7 24. Rac1 Rxc7 25. Rxc7 Be6 26. Bg2 a5 27.
Qe5 axb4 28. Re7 Qc1+ 29. Bf1 Qc8 30. axb4 Rxb4 31. Bb5 Qc1+ 32. Kg2 Bh3+ 33.
Kh2 Bd7 34. Bxd7 1-0

[Event "Druga liga Srbije grupa Vojvodina 2015"]
[Site "Stari Banovci"]
[Date "2015.11.11"]
[Round "2.5"]
[White "Jacimovic, Dragoljub"]
[Black "Rogac, Srdjan"]
[Result "1/2-1/2"]
[WhiteElo "2409"]
[BlackElo "2362"]
[PlyCount "39"]
[EventDate "2015.11.10"]

1. d4 Nf6 2. c4 e6 3. Nc3 Bb4 4. f3 d5 5. a3 Bxc3+ 6. bxc3 c5 7. cxd5 Nxd5 8.
dxc5 Qa5 9. e4 Nf6 10. Be3 O-O 11. Qb3 Nfd7 12. a4 Qc7 13. Qa3 b6 14. cxb6 axb6
15. Ne2 Ba6 16. Rd1 Bc4 17. Qb4 Rc8 18. Kf2 Na6 19. Qd6 Nac5 20. Qxc7 1/2-1/2

[Event "Druga liga Srbije grupa Vojvodina 2015"]
[Site "Stari Banovci"]
[Date "2015.11.11"]
[Round "2.5"]
[White "Grujic, Zoran"]
[Black "Vlahovic, Bogdan"]
[Result "1-0"]
[WhiteElo "2323"]
[BlackElo "2321"]
[PlyCount "113"]
[EventDate "2015.11.10"]

1. Nf3 f5 2. g3 d6 3. d4 g6 4. b3 Bg7 5. Bb2 Nf6 6. Bg2 O-O 7. O-O c6 8. c4 Na6
9. Nbd2 Nc7 10. Qc2 Nd7 11. e4 f4 12. Rad1 Qe8 13. Rfe1 e5 14. c5 dxc5 15. dxc5
Kh8 16. Nc4 Qe7 17. b4 fxg3 18. hxg3 b6 19. Re3 Na6 20. Ba3 bxc5 21. bxc5 Ndb8
22. Nfxe5 Be6 23. f4 Nc7 24. Bb2 Nba6 25. Nd6 Rab8 26. Bd4 Nb4 27. Qd2 Bxa2 28.
Ra3 Be6 29. Rxa7 Qd8 30. Bc3 Nb5 31. Rxg7 Nxc3 32. Qxc3 Na2 33. Qd4 Kxg7 34.
Ng4+ Rf6 35. Ne8+ Kf8 36. Nexf6 Qxd4+ 37. Rxd4 Rb1+ 38. Kh2 Ke7 39. e5 Nb4 40.
Ne3 Rb3 41. Nc4 Nc2 42. Rd2 Nb4 43. Na5 Rc3 44. Nxc6+ Nxc6 45. Bxc6 Rxc5 46.
Bd5 Bf5 47. Nxh7 Rc8 48. Nf6 Rh8+ 49. Kg2 Rb8 50. Be4 Bc8 51. Bxg6 Rb3 52. Be4
Ba6 53. Rd7+ Kf8 54. e6 Bf1+ 55. Kf2 Rb2+ 56. Ke1 Re2+ 57. Kd1 1-0

[Event "Druga liga Srbije grupa Vojvodina 2015"]
[Site "Stari Banovci"]
[Date "2015.11.11"]
[Round "2.5"]
[White "Radlovacki, Jovan"]
[Black "Savanovic, Vuk"]
[Result "1-0"]
[WhiteElo "2381"]
[BlackElo "2279"]
[PlyCount "67"]
[EventDate "2015.11.10"]

1. e4 c5 2. Nf3 Nc6 3. Bb5 g6 4. Bxc6 dxc6 5. d3 Bg7 6. h3 e5 7. Be3 b6 8. Qd2
h6 9. a3 a5 10. Qc3 Qc7 11. Nbd2 Be6 12. Nc4 Bxc4 13. Qxc4 Ne7 14. h4 Nc8 15.
Qc3 O-O 16. O-O Nd6 17. Rfe1 Kh7 18. Qb3 a4 19. Qa2 f5 20. h5 gxh5 21. exf5
Rxf5 22. Nh4 Rf6 23. c3 Raf8 24. Qb1 Kg8 25. Qd1 Qf7 26. Rf1 e4 27. dxe4 Nxe4
28. f4 Qb3 29. Qf3 Re8 30. Rae1 Qxb2 31. Bc1 Qb1 32. f5 Qc2 33. Re2 Qxc3 34.
Qxc3 1-0

[Event "Druga liga Srbije grupa Vojvodina 2015"]
[Site "Stari Banovci"]
[Date "2015.11.11"]
[Round "2.5"]
[White "Krejic, Igor"]
[Black "Marinovic, Bozidar"]
[Result "1-0"]
[WhiteElo "2226"]
[BlackElo "2391"]
[PlyCount "85"]
[EventDate "2015.11.10"]

1. e4 d6 2. d4 Nf6 3. Nc3 e5 4. Nf3 Nbd7 5. Bc4 Be7 6. O-O O-O 7. a4 c6 8. Re1
b6 9. h3 a6 10. b4 Bb7 11. Ba3 Nxe4 12. Nxe4 d5 13. dxe5 dxe4 14. Rxe4 c5 15.
Bd5 Bxd5 16. Qxd5 cxb4 17. Bxb4 Nc5 18. Qxd8 Rfxd8 19. Rd4 Kf8 20. a5 b5 21.
Rad1 Ne6 22. Bxe7+ Kxe7 23. Rd6 g6 24. R1d2 Nc5 25. Rc6 Rxd2 26. Nxd2 Rd8 27.
Nf3 Rd1+ 28. Kh2 Rd5 29. Kg3 b4 30. Rb6 Nd7 31. Rxa6 Nxe5 32. Nxe5 Rxe5 33.
Ra7+ Ke6 34. a6 Ra5 35. Ra8 Kf5 36. Kf3 h5 37. a7 Ra3+ 38. Ke2 g5 39. Kd2 g4
40. hxg4+ hxg4 41. Kc1 Kf4 42. Kb2 f5 43. c3 1-0